[Event "San Jose Metropolitano op-B 45th"]
[Site "San Jose"]
[Date "2024.12.26"]
[Round "1"]
[White "Jimenez Rojas, Isaac"]
[Black "Lombardo Batista, Elias"]
[Result "0-1"]
[WhiteElo "1495"]
[BlackElo "1869"]
[PlyCount "94"]
[EventDate "2024.12.26"]
[EventType "tourn"]
[EventRounds "9"]
[EventCountry "CRI"]
[SourceTitle "CB02_2025"]
[SourceDate "2025.01.08"]
[SourceVersion "1"]
[SourceVersionDate "2025.01.08"]
[SourceQuality "1"]

1. e4 e5 2. Nf3 Nf6 3. Nc3 Nc6 4. Bb5 Nd4 5. d3 Nxb5 6. Nxb5 c6 7. Nc3 d6 8. h3 Be7 9. Bg5 h6 10. Bh4 0-0 11. 0-0 g5 12. Bg3 Nh5 13. Ne2 f5 14. Nd2 f4 15. Bh2 Qe8 16. f3 Qg6 17. c3 Bd8 18. Kh1 Nf6 19. d4 h5 20. dxe5 dxe5 21. Nc1 g4 22. fxg4 hxg4 23. hxg4 Nxg4 24. Qe2 Nxh2 25. Kxh2 Qg3+ 26. Kg1 Bb6+ 27. Rf2 Kf7 28. Qf3 Bxf2+ 29. Qxf2 Qxf2+ 30. Kxf2 Rg8 31. Nf3 Kf6 32. Nd3 Re8 33. Rh1 Bg4 34. Rh4 Bxf3 35. gxf3 Rh8 36. Rg4 Rag8 37. Rxg8 Rxg8 38. Ke2 b6 39. c4 c5 40. a4 Rg2+ 41. Nf2 Rg1 42. Nd1 Kg5 43. Kd2 Rxd1+ 44. Kxd1 Kh4 45. Ke1 Kg3 46. Ke2 Kg2 47. b3 a5 0-1